000 00731nam a2200229 i 4500
001 142487
003 ES-MaACL
005 20250907063111.0
007 t|
008 071005s1982 sp ||||1| spa d
080 _a821.134.2-83"15"
100 1 _aVillalón, Cristóbal de,
_dca. 1505-ca. 1581
_9114969
245 1 3 _aEl Crótalon de Cristóforo Gnofoso /
_cCristóbal de Villalón ; edición de Asunción Rallo.
260 _aMadrid :
_bCátedra,
_c[1982]
300 _a466 p. ;
_c18 cm.
490 1 _aLetras hispánicas ;
_v155
700 1 _aRallo Gruss, Asunción.
_995054
830 0 0 _aLetras hispánicas ;
_v155
_9235703
852 _aES-MaACL
_jL-2935
_bR.103814
942 _2udc
999 _c142487
_d142487